Skoki narciarskie - Top 10 Pucharu Świata 2013/14 - 2022/23 - Statystyki

Ogólne statystyki
  • Ten quiz został rozwiązany 537 razy
  • Średni wynik to 29 z 37
Statystyki odpowiedzi
Państwo Zawodnik % Poprawnych
POL Dawid Kubacki
100%
POL Kamil Stoch
100%
POL Piotr Żyła
100%
SLO Peter Prevc
98%
SLO Domen Prevc
97%
POL Maciej Kot
97%
AUT Stefan Kraft
96%
SLO Cene Prevc
95%
JPN Ryoyu Kobayashi
94%
SLO Anze Lanisek
91%
CZE Roman Koudelka
91%
GER Karl Geiger
90%
SUI Simon Ammann
90%
JPN Noriaki Kasai
89%
NOR Halvor Egner Granerud
87%
NOR Johann Andre Forfang
87%
GER Andreas Wellinger
86%
GER Severin Freund
82%
SLO Timi Zajc
81%
NOR Daniel Andre Tande
79%
AUT Jan Hoerl
79%
NOR Marius Lindvik
77%
GER Markus Eisenbichler
77%
AUT Michael Hayboeck
75%
GER Richard Freitag
71%
AUT Manuel Fettner
70%
NOR Anders Bardal
69%
NOR Robert Johansson
69%
AUT Gregor Schlierenzauer
67%
GER Stephan Leyhe
63%
AUT Daniel Tschofenig
62%
NOR Anders Fannemel
56%
NOR Andreas Stjernen
52%
NOR Kenneth Gangnes
44%
NOR Rune Velta
43%
AUT Thomas Diethart
40%
AUT Philipp Aschenwald
35%
Nie znaleziono quizów pasujących do podanych kryteriów
Rozkład punktacji
Procent ludzi z każdym wynikiem
Percentyl według liczby udzielonych odpowiedzi
Twoja historia wyników
Nie rozwiązałeś tego quizu